| 000 | 01206 a2200373 4500 | ||
|---|---|---|---|
| 999 |
_c22036 _d16721 |
||
| 001 | 22036 | ||
| 003 | TR-AnTOB | ||
| 005 | 20240917144845.0 | ||
| 008 | 041102s2000 tu tur | ||
| 020 | _a9753330782 | ||
| 035 | _a22036 | ||
| 040 |
_aTR-AnTOB _cTR-AnTOB |
||
| 041 | _atur | ||
| 050 |
_aDR438.8 _b.C6719 2000 |
||
| 090 | _aDR438.8 .C6719 2000 | ||
| 100 |
_aCopeaux, Etienne _915335 |
||
| 245 | 0 |
_aTarih ders kitaplarında ( 1931-1993 ) : _bTürk tarih tezinden Türk-İslam sentezine / _cEtienne Copeaux ; çev. Ali Berktay. |
|
| 250 | _a2. bs. | ||
| 264 | 1 |
_aİstanbul : _bTarih Vakfı Yurt Yayınları, _c2000. |
|
| 300 |
_a341 s. ; _c22 cm. |
||
| 336 |
_2rdacontent _atext _btxt |
||
| 337 |
_2rdamedia _aunmediated _bn |
||
| 338 |
_2rdacarrier _avolume _bnc |
||
| 490 | 0 |
_aTarih Vakfı Yurt Yayınları ; _v59 |
|
| 500 | _aKitabın orijinal adı: De L'Adriatique a la mer de Chine. | ||
| 504 | _aIncludes bibliographies and index. | ||
| 650 |
_aHistoriography _zTurkey _y20th century _915337 |
||
| 650 | 0 |
_aTarih yazarlığı _zTürkiye _y20. yüzyıl _915336 |
|
| 902 | _a0004950, 0026391 | ||
| 903 | _aMerkez Kütüphane | ||
| 942 |
_cBK _2lcc |
||
| 945 | _akntrl BS | ||